Top hit Hari Raya Aidilfitri [ koleksi 30 lagu paling hit di Hari Raya

Bibliographic Details
Format: Book
Published: Kuala Lumpur : Universal Music Sdn. Bhd. , 2014
Subjects:

MARC

LEADER 00000cam a2200000 7i4500
001 0000190830
005 20150302.0
090 0 0 |a MUZ   |b TOP 
245 0 0 |a Top hit Hari Raya Aidilfitri [  |h cd music] :   |b koleksi 30 lagu paling hit di Hari Raya 
260 |a Kuala Lumpur :   |b Universal Music Sdn. Bhd. ,   |c 2014 
300 |a 2 CD music (95 minutes) 
500 |a Library has 1 copy 
650 0 0 |a Songs 
650 0 0 |a Songs, Malay 
999 |a AV 35886   |b CD MUSIC   |c PINJAMAN   |e PERPUSTAKAAN KOMUNITI PETALING JAYA